[Event "Titled Tuesday intern op 06th Aug Early"]
[Site "Chess.com INT"]
[Date "2024.08.06"]
[Round "3"]
[White "Portero Rubio, Martin"]
[Black "Zong, Davis Jr"]
[Result "0-1"]
[WhiteElo "2180"]
[BlackElo "2235"]
[PlyCount "86"]
[EventDate "2024.08.06"]
[EventType "swiss (blitz)"]
[EventRounds "11"]
[EventCountry "USA"]
[SourceTitle "EXT 2025"]
[Source "ChessBase"]
[SourceDate "2024.10.14"]
[SourceVersion "1"]
[SourceVersionDate "2024.10.14"]
[SourceQuality "1"]

1. e4 e5 2. Nf3 Nc6 3. Bb5 a6 4. Ba4 Nf6 5. 0-0 Nxe4 6. d4 b5 7. Bb3 d5 8. dxe5 Be6 9. c3 Be7 10. Nbd2 0-0 11. Re1 Nc5 12. Nd4 Nxd4 13. cxd4 Nd3 14. Re3 Nxc1 15. Rxc1 a5 16. Bc2 Rc8 17. Nb3 a4 18. Nc5 Bxc5 19. dxc5 c6 20. Rg3 Qh4 21. Qd3 f6 22. Re1 a3 23. b3 Rce8 24. exf6 Rxf6 25. f3 Ref8 26. Kf2 Qxh2 27. Qe3 Qh4 28. Qg5 Qxg5 29. Rxg5 d4 30. Rge5 Bd5 31. Rd1 Rf4 32. Rh1 h6 33. Re7 R8f7 34. Re8+ Rf8 35. Re7 R4f7 36. Re5 Rf6 37. Bd3 Re6 38. Rhe1 Rfe8 39. Rxe6 Rxe6 40. Rxe6 Bxe6 41. Be4 Bxb3 42. Bxc6 Bxa2 43. Bxb5 Be6 0-1

[Event "Titled Tuesday intern op 23rd Jul Early"]
[Site "Chess.com INT"]
[Date "2024.07.23"]
[Round "8"]
[White "Gazineu Neto, Rubens"]
[Black "Portero Rubio, Martin"]
[Result "1-0"]
[WhiteElo "1934"]
[BlackElo "2229"]
[PlyCount "103"]
[EventDate "2024.07.23"]
[EventType "swiss (blitz)"]
[EventRounds "11"]
[EventCountry "USA"]
[SourceTitle "EXT 2025"]
[Source "ChessBase"]
[SourceDate "2024.10.14"]
[SourceVersion "1"]
[SourceVersionDate "2024.10.14"]
[SourceQuality "1"]

1. e4 c5 2. Nf3 d6 3. d4 cxd4 4. Nxd4 Nf6 5. Nc3 a6 6. Be3 e5 7. Nb3 Be7 8. f3 Be6 9. Qd2 h5 10. h3 Nbd7 11. 0-0-0 Qc7 12. Kb1 Rc8 13. f4 b5 14. f5 Bc4 15. Bxc4 bxc4 16. Nc1 Rb8 17. g4 Qb7 18. b3 Nxe4 19. Nxe4 Qxe4 20. Rhg1 h4 21. Rde1 Qc6 22. g5 d5 23. Rd1 d4 24. Bxd4 exd4 25. Qxd4 f6 26. Rge1 Ne5 27. Rxe5 fxe5 28. Qxe5 0-0 29. Qxe7 cxb3 30. axb3 Rbc8 31. Qe6+ Qxe6 32. fxe6 Rc6 33. e7 Re8 34. Rd4 Rxe7 35. Nd3 Re2 36. Nb4 Rce6 37. Rxh4 R6e4 38. Rxe4 Rxe4 39. Nxa6 Rh4 40. b4 Rxh3 41. b5 Ra3 42. Kb2 Ra5 43. c4 Kf7 44. Kb3 Ke7 45. Kb4 Ra1 46. Kc5 Kd7 47. Nb4 Rg1 48. Nd5 Rxg5 49. b6 Kc8 50. Kc6 Rg6+ 51. Kb5 Kb7 52. c5 1-0